| 000 | 00687cab a2200253 4500 | ||
|---|---|---|---|
| 001 | WB2812-43 | ||
| 008 | 090401t1992 xxu||||| |||| 00| 0 eng d | ||
| 035 | _a(Sirsi) u60083 | ||
| 041 | _aeng | ||
| 245 | _aFarmer sues BR | ||
| 260 | _c1992 | ||
| 350 | _a0 | ||
| 490 |
_aFarmers' Weekly _v116(11) 13 March 1992, 18(1) |
||
| 520 | _aA Staffordshire farmer, whose crops have been ruined by rabbits, is claiming damages against British Rail under Pests Act 1954. | ||
| 650 | _aBRITISH RAIL | ||
| 650 | _aCROPS | ||
| 650 | _aDAMAGES | ||
| 650 | _aFARMERS | ||
| 650 | _aPESTS ACT 1954 | ||
| 650 | _aRABBITS | ||
| 690 | _aRURAL PRACTICE | ||
| 942 | _n0 | ||
| 948 | _c04/03/1997 | ||
| 999 |
_c37004 _d37004 |
||